000 00790nam a2200217 a 4500
001 78817
003 BD-RjUL
005 20211209083157.0
008 211116s2006 bg ||||| |||| 00| 0 ben d
020 _a9844019664
_c: Tk. 70.00
035 _a(BD-RjUL)79044
040 _aBD-RjUL
_beng
_cBD-RjUL
041 _aben
082 _223
_a954.9205092
_bABB 2006
100 _aআবির, সৈয়দ
_9250150
245 1 0 _aবঙ্গবন্ধু শেখ মুজিব :
_bঅলৌকিক মহিমা /
_cসৈয়দ আবির
300 _a৬৩ পৃ.;
_c২২ সেমি.
600 _aমুজিবুর রহমান ,
_cশেখ,
_d১৯২০-১৯৭৫
_9250156
600 _aMujibur Rahman,
_cSheikh,
_d1920-1975
_9250157
942 _2ddc
_cBK
999 _c78817
_d78817